The Uganda law reports 1972 Part I / (Record no. 2129)

MARC details
000 -LEADER
fixed length control field 01540cas a2200385 4500
001 - CONTROL NUMBER
control field 11242636
003 - CONTROL NUMBER IDENTIFIER
control field OSt
005 - DATE AND TIME OF LATEST TRANSACTION
control field 20110520113523.0
008 - FIXED-LENGTH DATA ELEMENTS--GENERAL INFORMATION
fixed length control field 810508u19uu9999ug ar w f uuua eng
010 ## - LIBRARY OF CONGRESS CONTROL NUMBER
LC control number 80647533
035 ## - SYSTEM CONTROL NUMBER
System control number (OCoLC)ocm07403485
040 ## - CATALOGING SOURCE
Original cataloging agency DLC
Transcribing agency DLC
Modifying agency NST
-- MnMULS
042 ## - AUTHENTICATION CODE
Authentication code lc
043 ## - GEOGRAPHIC AREA CODE
Geographic area code f-ug---
050 00 - LIBRARY OF CONGRESS CALL NUMBER
Classification number LAW
082 ## - DEWEY DECIMAL CLASSIFICATION NUMBER
Classification number 348.0416761
110 10 - MAIN ENTRY--CORPORATE NAME
Corporate name or jurisdiction name as entry element Uganda.
Subordinate unit High Court.
9 (RLIN) 4243
245 14 - TITLE STATEMENT
Title The Uganda law reports 1972 Part I /
260 00 - PUBLICATION, DISTRIBUTION, ETC. (IMPRINT)
Place of publication, distribution, etc Kampala :
Name of publisher, distributor, etc Law Development Centre,
Date of publication, distribution, etc 1972-
300 ## - PHYSICAL DESCRIPTION
Extent v.
Dimensions 25 cm.
310 ## - CURRENT PUBLICATION FREQUENCY
Current publication frequency Annual
515 ## - NUMBERING PECULIARITIES NOTE
Numbering peculiarities note Issued in 1 pts.
590 ## - LOCAL NOTE (RLIN)
Local note SERBIB/SERLOC merged record
650 #0 - SUBJECT ADDED ENTRY--TOPICAL TERM
Topical term or geographic name as entry element Law reports, digests, etc.
Geographic subdivision Uganda.
9 (RLIN) 4244
780 00 - PRECEDING ENTRY
Main entry heading Uganda. High Court.
Title Law reports, containing cases determined by the High Court of Uganda
901 ## - LOCAL DATA ELEMENT A, LDA (RLIN)
c Bind/Label
906 ## - LOCAL DATA ELEMENT F, LDF (RLIN)
a 7
b cbc
c serials
d 4
e ncip
f 19
g n-oclcserc
936 ## - OCLC/CONSER MISCELLANEOUS DATA (OCLC); PIECE USED FOR CATALOGING (pre-AACR2) (RLIN)
OCLC control number(s) of parallel record(s) (OCLC); Piece used for cataloging, PUC (RLIN) 1973
942 ## - ADDED ENTRY ELEMENTS (KOHA)
Source of classification or shelving scheme Dewey Decimal Classification
Koha item type Law Reports
Holdings
Withdrawn status Lost status Source of classification or shelving scheme Damaged status Not for loan Home library Current library Shelving location Date acquired Total Checkouts Full call number Barcode Date last seen Price effective from Koha item type
    Dewey Decimal Classification     Law Development Centre Main Library Law Development Centre Main Library Law Reports 05/20/2011   348.0416761 2011/1629 05/20/2011 05/20/2011 Law Reports
    Dewey Decimal Classification     Law Development Centre Main Library Law Development Centre Main Library Law Reports 05/20/2011   348.0416761 2011/1630 05/20/2011 05/20/2011 Law Reports
    Dewey Decimal Classification     Law Development Centre Main Library Law Development Centre Main Library Law Reports 05/20/2011   348.0416761 2011/1631 05/20/2011 05/20/2011 Law Reports
    Dewey Decimal Classification     Law Development Centre Main Library Law Development Centre Main Library Law Reports 05/20/2011   348.0416761 2011/1647 05/20/2011 05/20/2011 Law Reports